000 00865cam a2200253 4500
001 J645
008 090401t1992 xxu||||| |||| 00| 0 eng d
035 _a(Sirsi) u76006
041 _aeng
050 _a690.24
100 _aSpedding, Alan
245 _aSchools` design and maintenance in England and Wales.
260 _aAscot, Berks.
_bChartered Institute of Building
_c1992
300 _a6p. ; 30cm.
350 _a3.5
490 _aConstruction Papers
_v5
520 _aBased on a contribution made to the CIB International Symposium on Property Maintenance Management and Modernisation held in Singapore in March 1990.
650 _aBUILT ENVIRONMENT-CONSTRUCTION DESIGN
650 _aSCHOOLS
690 _aBUILDING AND CONSTRUCTION-REPAIRS AND MAINTENANCE
710 _aChartered Institute of Building
_92134
942 _n0
948 _c04/03/1997
999 _c96106
_d96106